Loading...
| Fine Arts - Classical Music | 6 | 10.00 | 100% | 0% | 0% |
| Fine Arts - Other Fine Arts | 4 | 12.50 | 75% | 50% | 0% |
| Fine Arts - Painting & Sculpture | 6 | 16.67 | 100% | 50% | 17% |
| History - American History | 6 | 8.33 | 83% | 0% | 0% |
| History - European History | 5 | 16.00 | 100% | 40% | 20% |
| History - Other History | 3 | 16.67 | 100% | 33% | 33% |
| History - World History | 5 | 14.00 | 100% | 20% | 20% |
| Literature - American Literature | 5 | 14.00 | 100% | 20% | 20% |
| Literature - British Literature | 5 | 8.00 | 80% | 0% | 0% |
| Literature - European Literature | 1 | 10.00 | 100% | 0% | 0% |
| Literature - World Literature | 4 | 17.50 | 100% | 25% | 50% |
| Mythology | 3 | 23.33 | 100% | 100% | 33% |
| Other | 6 | 20.00 | 100% | 33% | 67% |
| Philosophy | 6 | 6.67 | 67% | 0% | 0% |
| Religion | 3 | 13.33 | 100% | 33% | 0% |
| Science - Biology | 5 | 18.00 | 100% | 60% | 20% |
| Science - Chemistry | 3 | 16.67 | 100% | 33% | 33% |
| Science - Other Science | 5 | 12.00 | 100% | 20% | 0% |
| Science - Physics | 5 | 20.00 | 80% | 80% | 40% |
| Social Science | 6 | 13.33 | 100% | 33% | 0% |